| 000 | 00545nam a2200181 4500 | ||
|---|---|---|---|
| 999 |
_c169293 _d169293 |
||
| 005 | 20191113172843.0 | ||
| 010 | _aENG-126885 | ||
| 020 |
_a9788179665008 _c150.00 |
||
| 035 | _aEN-110417 | ||
| 037 | _bDBAD/PUB | ||
| 082 | _aN | ||
| 100 | _aRamprasath | ||
| 245 |
_aThose faulty journeys / _cby Ramprasath |
||
| 260 |
_aChennai _bEmerald Publishers _c2019 |
||
| 270 |
_a15A, First Floor, Casa Major Road, Egmore, Chennai _bChennai _e600008 _k42146994 _minfo@emerlandpublishers.com |
||
| 300 |
_av;141p. _c16cm(pbk) |
||
| 942 |
_2ddc _cEN _hN _mRAM |
||